[Event "HEM 2009 - D-Turnier"]
[Site "Idstein"]
[Date "2009.04.11"]
[Round "3"]
[White "Gertz, Berthold"]
[Black "Wasserrab, Martin"]
[Result "1/2-1/2"]
[WhiteElo "1993"]
[BlackElo "1818"]
[PlyCount "120"]
[EventDate "2009.??.??"]

1. d4 d6 2. e4 g6 3. Bc4 Bg7 4. Ne2 Nf6 5. Nbc3 O-O 6. O-O e5 7. d5 Nbd7 8. Bg5
h6 9. Bh4 Qe8 10. f3 a6 11. a4 Nh5 12. Bf2 f5 13. exf5 gxf5 14. Bd3 Ndf6 15.
Ng3 Nxg3 16. Bxg3 Nh5 17. Bf2 Nf4 18. Be3 Nxd3 19. Qxd3 Qg6 20. Rf2 Bf6 21. Kh1
Kh8 22. g4 Rg8 23. h3 Rg7 24. Rg1 Bd7 25. Rfg2 Rag8 26. Bd2 Bg5 27. Bxg5 Qxg5
28. Qd2 Qh4 29. Qf2 Qxf2 30. Rxf2 h5 31. Rh2 Rg6 32. Rgg2 fxg4 33. fxg4 hxg4
34. hxg4+ Kg7 35. g5 Kf7 36. Rh7+ R8g7 37. Rh5 Kg8 38. Ne4 Kf7 39. Rf2+ Ke7 40.
b3 Rf7 41. Nf6 Rfg7 42. Rg2 a5 43. Kh2 Bf5 44. Kg1 Bxc2 45. Rxc2 Rxg5+ 46. Rxg5
Rxg5+ 47. Kf2 Rf5+ 48. Ke3 Rxf6 49. Rxc7+ Kd8 50. Rxb7 Rf4 51. Rb5 Kc7 52. Kd3
Rf3+ 53. Kc2 Rf2+ 54. Kc3 Rf3+ 55. Kb2 Rf2+ 56. Ka3 e4 57. Rxa5 e3 58. Ra7+ Kd8
59. Ra8+ Kd7 60. Ra7+ Kd8 1/2-1/2

[Event "HEM 2009 - D-Turnier"]
[Site "Idstein"]
[Date "2009.04.11"]
[Round "3"]
[White "Storch, Dominik"]
[Black "Fischer, Ulrich"]
[Result "0-1"]
[WhiteElo "1931"]
[BlackElo "1672"]
[PlyCount "98"]
[EventDate "2009.??.??"]

1. e4 e5 2. Nf3 Nf6 3. d4 Nxe4 4. Bd3 d5 5. Nxe5 Be7 6. O-O O-O 7. Nd2 Nxd2 8.
Bxd2 Nd7 9. f4 f5 10. c4 c6 11. Qb3 Nf6 12. cxd5 cxd5 13. Bb4 Bxb4 14. Qxb4 a5
15. Qd2 Be6 16. b3 Qb6 17. Be2 Ne4 18. Qd3 Rfc8 19. Rac1 a4 20. Nf3 Bd7 21.
bxa4 Bxa4 22. Rb1 Qa7 23. Rfc1 Bc6 24. Rb2 Ba4 25. Qb1 Nc3 26. Rxc3 Rxc3 27.
Qxf5 Bc6 28. Rd2 Rf8 29. Qe6+ Kh8 30. Ne5 Be8 31. g3 Rc1+ 32. Kg2 Qa5 33. Rb2
Rc7 34. Nf3 Qc3 35. Rd2 Qc6 36. Qh3 Qf6 37. Ng5 Bg6 38. Bd3 Bxd3 39. Rxd3 Qg6
40. Rd2 Rc2 41. Rf2 Rxf2+ 42. Kxf2 Qxg5 43. Qe6 Qd8 44. Kf3 Re8 45. Qf7 Re7 46.
Qf5 b5 47. h4 Re1 48. h5 Qe8 49. Qxd5 Qe2# 0-1

[Event "HEM 2009 - D-Turnier"]
[Site "Idstein"]
[Date "2009.04.11"]
[Round "3"]
[White "Boethelt, Klaus-Dieter"]
[Black "Bigott, Martin"]
[Result "0-1"]
[WhiteElo "1578"]
[BlackElo "1889"]
[PlyCount "130"]
[EventDate "2009.??.??"]

1. d4 Nf6 2. Bf4 g6 3. e3 Bg7 4. h3 O-O 5. Nf3 c5 6. c3 Qb6 7. Qc2 d5 8. Bxb8
Rxb8 9. dxc5 Qxc5 10. Bd3 Re8 11. Nbd2 e5 12. Nb3 Qc7 13. Be2 Bf5 14. Qd1 a6
15. O-O Rbd8 16. Rc1 b5 17. Nh4 Bc8 18. Nf3 Ne4 19. Qc2 Nd6 20. Nfd2 Bb7 21.
Bf3 f5 22. Rfd1 Kh8 23. Nf1 Nc4 24. Nbd2 e4 25. Be2 Ne5 26. Nb3 Qf7 27. Nd4 f4
28. exf4 Qxf4 29. Nh2 Bh6 30. Ra1 Rd6 31. Rf1 Nc6 32. Rad1 Nxd4 33. Rxd4 Bg7
34. Rdd1 Bc8 35. Bg4 Bb7 36. a4 Bc6 37. axb5 axb5 38. Qd2 Qxd2 39. Rxd2 h5 40.
Be2 b4 41. cxb4 Rb8 42. b5 Bxb5 43. Bxb5 Rxb5 44. Rb1 Kg8 45. Nf1 Kf7 46. Ne3
Ke6 47. Re2 Rdb6 48. Nd1 Kf5 49. Ne3+ Ke6 50. Nd1 Rb3 51. f3 Bd4+ 52. Kf1 e3
53. Rc2 Kf5 54. g3 h4 55. gxh4 Be5 56. Rg2 Bf4 57. Rc2 d4 58. Rc5+ Be5 59. Ke2
Kf4 60. Rc4 Kg3 61. Ra1 Kxh3 62. Ra5 Bf6 63. Rd5 Rxb2+ 64. Nxb2 Rxb2+ 65. Kf1
e2+ 0-1

[Event "HEM 2009 - D-Turnier"]
[Site "Idstein"]
[Date "2009.04.11"]
[Round "3"]
[White "Will, Patrick"]
[Black "Doll, Christoph"]
[Result "1/2-1/2"]
[WhiteElo "1929"]
[BlackElo "1603"]
[PlyCount "70"]
[EventDate "2009.??.??"]

1. Nf3 d5 2. c4 d4 3. d3 c5 4. g3 Nc6 5. Bg2 Nf6 6. O-O e5 7. e3 Be7 8. exd4
exd4 9. Re1 O-O 10. Na3 Bg4 11. Nc2 a5 12. Bg5 h6 13. Bd2 Nd7 14. Qb1 Bxf3 15.
Bxf3 Nde5 16. Be2 Re8 17. f4 Nd7 18. Bf3 Qb6 19. Na3 Na7 20. Qc2 Qc7 21. Re2
Bd6 22. Rae1 Rxe2 23. Rxe2 Rb8 24. Qa4 b6 25. Nb5 Nxb5 26. Qxb5 Nf6 27. a4 Rc8
28. Kg2 g6 29. Qb3 Kg7 30. Qd1 Qd7 31. b3 h5 32. Qf1 Rh8 33. h3 Qc7 34. Qc1 Qd7
35. Qf1 Qc7 1/2-1/2

[Event "HEM 2009 - D-Turnier"]
[Site "Idstein"]
[Date "2009.04.11"]
[Round "3"]
[White "Brendel, Hans-Gerhard"]
[Black "Kohlmeyer, Klaus"]
[Result "1-0"]
[WhiteElo "1658"]
[BlackElo "1813"]
[PlyCount "91"]
[EventDate "2009.??.??"]

1. e4 c5 2. b4 e6 3. f4 Nf6 4. e5 Nd5 5. bxc5 Bxc5 6. d4 Bb4+ 7. Kf2 Qc7 8. c4
Nb6 9. Ba3 Bxa3 10. Nxa3 a6 11. Be2 O-O 12. Nf3 d6 13. exd6 Qxd6 14. c5 Qe7 15.
Qd2 N8d7 16. Rhe1 Nxc5 17. dxc5 Qxc5+ 18. Qd4 Qxd4+ 19. Nxd4 Nd5 20. g3 Rd8 21.
Nf3 b5 22. Rac1 Bb7 23. Ne5 Nb4 24. Rc7 f6 25. Rxb7 fxe5 26. Bg4 Nd3+ 27. Kf1
Nxe1 28. Bxe6+ Kf8 29. Kxe1 Re8 30. f5 Re7 31. Rb6 Rc7 32. Bb3 Rc1+ 33. Kf2 Rh1
34. Bd5 Ra1 35. Bxa8 Rxa2+ 36. Ke3 Rxa3+ 37. Ke4 Ra1 38. Kxe5 Ke7 39. Rb7+ Kf8
40. Rd7 b4 41. Rd2 a5 42. Bd5 a4 43. Rf2 Rc1 44. Rb2 Ke8 45. f6 b3 46. Kd6 1-0

[Event "HEM 2009 - D-Turnier"]
[Site "Idstein"]
[Date "2009.04.11"]
[Round "3"]
[White "Bodensohn, Markus"]
[Black "Rudolph, Lukas"]
[Result "1/2-1/2"]
[WhiteElo "1391"]
[BlackElo "1723"]
[PlyCount "65"]
[EventDate "2009.??.??"]

1. c4 e5 2. Nc3 Nf6 3. g3 Nc6 4. Bg2 d6 5. Nf3 Be6 6. d3 Qc8 7. O-O Bh3 8. Re1
Bxg2 9. Kxg2 Be7 10. Bd2 h6 11. a3 g5 12. h4 gxh4 13. Nxh4 Ng4 14. Rh1 Bxh4 15.
Rxh4 h5 16. Nd5 Nd4 17. f3 c6 18. fxg4 cxd5 19. cxd5 Qc5 20. e4 Qb5 21. Bc3 Nb3
22. Rb1 Nc5 23. gxh5 Qxd3 24. Qxd3 Nxd3 25. Rf1 Ke7 26. g4 Rag8 27. Rf5 f6 28.
Rf3 Nf4+ 29. Kf1 Rg7 30. Bd2 Ng6 31. Rhh3 Nf8 32. Rfg3 Nd7 33. Rh4 1/2-1/2

[Event "HEM 2009 - D-Turnier"]
[Site "Idstein"]
[Date "2009.04.11"]
[Round "3"]
[White "Kempf, Alexander"]
[Black "Mahler, Peter"]
[Result "1-0"]
[WhiteElo "1810"]
[BlackElo "1644"]
[PlyCount "89"]
[EventDate "2009.??.??"]

1. e4 c5 2. Nf3 d6 3. d4 cxd4 4. Nxd4 Nf6 5. Nc3 a6 6. Bc4 e6 7. Bb3 Be7 8. O-O
O-O 9. Be3 b5 10. a3 Qc7 11. f4 Nc6 12. f5 Nxd4 13. Bxd4 e5 14. Be3 Bb7 15. Qf3
Rfd8 16. Rad1 Rac8 17. g4 Ne8 18. g5 Bf8 19. Qh5 Rd7 20. Rf3 d5 21. Rh3 h6 22.
Nxd5 Bxd5 23. Rxd5 Rxd5 24. Bxd5 Bc5 25. c3 Bxe3+ 26. Rxe3 Rd8 27. gxh6 Rxd5
28. exd5 Qc5 29. Qe2 Nf6 30. d6 Qxd6 31. Rxe5 Qb6+ 32. Kf1 Qc6 33. Qg2 Qc4+ 34.
Kg1 Ng4 35. Rd5 Nxh6 36. f6 g6 37. h3 Qf4 38. Qg5 Qc7 39. Qxh6 Qg3+ 40. Kf1
Qf3+ 41. Ke1 Qxf6 42. Qg5 Qe6+ 43. Qe5 Qb6 44. Qd4 Qe6+ 45. Kd2 1-0

[Event "HEM 2009 - D-Turnier"]
[Site "Idstein"]
[Date "2009.04.11"]
[Round "3"]
[White "Jordake, Michael"]
[Black "Gläßer, Tim"]
[Result "1/2-1/2"]
[WhiteElo "1640"]
[BlackElo "1776"]
[PlyCount "118"]
[EventDate "2009.??.??"]

1. e4 d6 2. Nc3 g6 3. g3 Bg7 4. Bg2 Nc6 5. d3 Nh6 6. h3 O-O 7. Nge2 f5 8. Bg5
Nf7 9. h4 h6 10. Be3 Nfe5 11. Nf4 Kh7 12. h5 g5 13. Ng6 Rf6 14. Nd5 e6 15.
Nxf6+ Qxf6 16. c3 Nxg6 17. hxg6+ Qxg6 18. Kd2 f4 19. gxf4 gxf4 20. Rg1 fxe3+
21. fxe3 Qg3 22. Qe2 e5 23. Bh1 Qh4 24. Qg2 Qe7 25. Qg6+ Kh8 26. Raf1 Be6 27.
Rf3 Rg8 28. Rgf1 Nd8 29. d4 Qg5 30. Qxg5 hxg5 31. d5 Bd7 32. Rg3 g4 33. Bg2 Kh7
34. Rh1+ Kg6 35. Bf3 Nf7 36. Bxg4 Bxg4 37. Rxg4+ Ng5 38. Rf1 Rf8 39. Rxf8 Bxf8
40. Kd3 Bh6 41. b4 Kf7 42. Rh4 Kg7 43. c4 Nf3 44. Rh3 Ng5 45. Rg3 Kf7 46. c5
Kf6 47. Rg2 Bf8 48. Rf2+ Kg7 49. Rf5 Nf7 50. Kc4 a6 51. a3 Be7 52. Rf1 Ng5 53.
Rg1 Kf6 54. c6 b6 55. Kd3 Kf7 56. a4 Bf6 57. a5 b5 58. Rf1 Kg7 59. Ke2 Nxe4
1/2-1/2

[Event "HEM 2009 - D-Turnier"]
[Site "Idstein"]
[Date "2009.04.11"]
[Round "3"]
[White "Stegner, Marco"]
[Black "Schöbel-Kröhn, Lucas"]
[Result "1-0"]
[WhiteElo "1622"]
[BlackElo "1727"]
[PlyCount "85"]
[EventDate "2009.??.??"]

1. d4 Nf6 2. Bf4 d6 3. e3 g6 4. Nf3 Bg7 5. Be2 O-O 6. O-O Nbd7 7. h3 c5 8. c3
a6 9. a4 cxd4 10. cxd4 Nd5 11. Bh2 Qb6 12. Nc3 N7f6 13. Qd2 h6 14. Rfc1 Be6 15.
Nxd5 Bxd5 16. b4 Ne4 17. Qb2 a5 18. Bc4 Bxc4 19. Rxc4 Rfc8 20. Rac1 Rc6 21.
Rxc6 bxc6 22. Qc2 Nf6 23. bxa5 Rxa5 24. Qxc6 Qxc6 25. Rxc6 Rxa4 26. Rc8+ Kh7
27. g4 Ne4 28. Kg2 Ra2 29. Bg3 Bf6 30. h4 Kg7 31. Ne1 Re2 32. Nd3 Rd2 33. Nb4
Rb2 34. Nd5 Nxf2 35. Kf3 Nd3 36. Rc7 e5 37. Rc6 Rb5 38. Rxd6 exd4 39. Nxf6 dxe3
40. Rxd3 Kxf6 41. Rxe3 Rc5 42. Be1 Rc1 43. Bc3+ 1-0

[Event "HEM 2009 - D-Turnier"]
[Site "Idstein"]
[Date "2009.04.11"]
[Round "3"]
[White "Aleanakian, Gabriel"]
[Black "Jöckel, Thomas"]
[Result "1-0"]
[WhiteElo "1725"]
[BlackElo "1623"]
[PlyCount "101"]
[EventDate "2009.??.??"]

1. Nf3 d5 2. c4 d4 3. e3 dxe3 4. fxe3 c5 5. d4 e6 6. Be2 Nf6 7. Nc3 Be7 8. O-O
O-O 9. b3 a6 10. Bb2 Qc7 11. d5 exd5 12. Nxd5 Nxd5 13. Qxd5 Be6 14. Qh5 Nd7 15.
Ng5 Bxg5 16. Qxg5 f6 17. Qh4 Ne5 18. Qg3 Rad8 19. Rad1 Rxd1 20. Rxd1 Rf7 21.
Bxe5 fxe5 22. Bf3 Rd7 23. Bd5 Bxd5 24. cxd5 e4 25. Qxc7 Rxc7 26. Kf2 Kf7 27.
Kg3 Kf6 28. Kf4 Re7 29. h4 h6 30. h5 Re8 31. d6 Rd8 32. Kxe4 Ke6 33. d7 Rxd7
34. Rxd7 Kxd7 35. Kf5 Ke7 36. e4 b5 37. Ke5 c4 38. bxc4 bxc4 39. Kd4 Ke6 40.
Kxc4 Ke5 41. Kd3 Ke6 42. Kd4 Kd6 43. g3 a5 44. a4 Ke6 45. e5 Ke7 46. Kd5 Kd7
47. Kc5 Ke6 48. Kb5 Kxe5 49. Kxa5 Kd6 50. Kb6 Kd7 51. Kb7 1-0

[Event "HEM 2009 - D-Turnier"]
[Site "Idstein"]
[Date "2009.04.11"]
[Round "3"]
[White "Daubitz, Karl Werner"]
[Black "Aurin, Pascal"]
[Result "0-1"]
[WhiteElo "1711"]
[BlackElo "1612"]
[PlyCount "106"]
[EventDate "2009.??.??"]

1. e4 d5 2. exd5 Qxd5 3. d4 c6 4. Be3 Nf6 5. Nd2 Bg4 6. Ngf3 e6 7. h3 Bh5 8.
Bd3 Bd6 9. c4 Qa5 10. O-O Qc7 11. Qc2 Nbd7 12. c5 Bf4 13. Rae1 O-O-O 14. b4 g5
15. Qa4 a6 16. Bxa6 bxa6 17. Nc4 Nb8 18. Bxf4 gxf4 19. Nfe5 Rxd4 20. Na5 Ne4
21. Naxc6 Nc3 22. Qc2 Nxc6 23. Qxc3 Rhd8 24. Nc4 Qb8 25. a3 Bg6 26. Nd6+ Kc7
27. Rd1 e5 28. Rxd4 Nxd4 29. Re1 Bh5 30. Qc4 Rg8 31. Kf1 Qa8 32. c6 Qxc6 33.
Qxc6+ Kxc6 34. Ne4 Be2+ 35. Rxe2 Nxe2 36. Kxe2 Rxg2 37. Kf3 Rg6 38. h4 Kb5 39.
Ng5 f6 40. Nxh7 Rh6 41. Nf8 Rxh4 42. Nd7 Rh3+ 43. Ke4 Rxa3 44. Nxf6 Kxb4 45.
Nd5+ Kc4 46. f3 Rxf3 47. Kxe5 a5 48. Ke4 Rf1 49. Nb6+ Kb3 50. Kd3 f3 51. Kd2 a4
52. Nd7 a3 53. Nc5+ Kc4 0-1

[Event "HEM 2009 - D-Turnier"]
[Site "Idstein"]
[Date "2009.04.11"]
[Round "3"]
[White "Brehm, Arthur"]
[Black "Kuhnigk, Thomas"]
[Result "1-0"]
[WhiteElo "1519"]
[BlackElo "1698"]
[PlyCount "87"]
[EventDate "2009.??.??"]

1. e4 d5 2. exd5 Nf6 3. d4 Nxd5 4. c4 Nb6 5. Nc3 g6 6. h3 Bg7 7. Nf3 O-O 8. Be2
Nc6 9. Be3 e5 10. d5 Ne7 11. O-O Nf5 12. Qd2 Nxe3 13. fxe3 Qe7 14. Rad1 Rd8 15.
b3 Bf5 16. e4 Qc5+ 17. Kh1 Bd7 18. Nh2 c6 19. dxc6 Bxc6 20. Qxd8+ Rxd8 21.
Rxd8+ Bf8 22. Ng4 Kg7 23. Nf6 Be7 24. Rg8+ Kh6 25. Ng4+ Kg5 26. Rxf7 Bd7 27.
Rxh7 Be6 28. h4+ Kf4 29. Rxg6 Bxg4 30. Rxg4+ Ke3 31. Rg3+ Kd2 32. Rd3+ Kc2 33.
Rf7 Bxh4 34. Rff3 Be1 35. Bd1+ Kc1 36. Ne2+ Kb1 37. Rf1 Bh4 38. Nc3+ Kb2 39.
Be2 a6 40. Rb1+ Kc2 41. Rf3 Bf2 42. Bd1+ Kd2 43. Rb2+ Kc1 44. Rc2# 1-0

[Event "HEM 2009 - D-Turnier"]
[Site "Idstein"]
[Date "2009.04.11"]
[Round "3"]
[White "Baskin, Robert"]
[Black "Boldt, Kai-Ulrich"]
[Result "1/2-1/2"]
[WhiteElo "1697"]
[BlackElo "1548"]
[PlyCount "62"]
[EventDate "2009.??.??"]

1. e4 c5 2. Nf3 d6 3. d4 cxd4 4. Nxd4 Nf6 5. Nc3 a6 6. a4 Nc6 7. Be3 e6 8. Bc4
Be7 9. O-O Qc7 10. Bb3 Bd7 11. h3 O-O 12. f4 Nxd4 13. Bxd4 Bc6 14. e5 dxe5 15.
Bxe5 Qb6+ 16. Kh1 Rad8 17. Qe2 Rd7 18. Rad1 Rfd8 19. Rxd7 Rxd7 20. f5 exf5 21.
Bxf6 Bxg2+ 22. Qxg2 Qxf6 23. Re1 g6 24. Nd5 Qh4 25. Re5 Kf8 26. Rxe7 Rxe7 27.
Nxe7 Qe1+ 28. Kh2 Qe5+ 29. Kg1 Qe1+ 30. Qf1 Qg3+ 31. Kh1 Kxe7 1/2-1/2

[Event "HEM 2009 - D-Turnier"]
[Site "Idstein"]
[Date "2009.04.11"]
[Round "3"]
[White "Höllwarth, Kai"]
[Black "Riha, Peter"]
[Result "0-1"]
[WhiteElo "1608"]
[BlackElo "1815"]
[PlyCount "88"]
[EventDate "2009.??.??"]

1. e4 e5 2. Nf3 Nc6 3. Nc3 Nf6 4. Nxe5 Nxe5 5. d4 Ng6 6. e5 Ng8 7. Bc4 Bb4 8.
O-O Bxc3 9. bxc3 N8e7 10. f4 d5 11. Bd3 Bf5 12. Bxf5 Nxf5 13. g4 Nfe7 14. f5
Nf8 15. f6 gxf6 16. exf6 Nc6 17. Bh6 Ne6 18. Qf3 Qd7 19. Bg7 Rg8 20. Qf5 O-O-O
21. Qxh7 Nxg7 22. fxg7 Qxg4+ 23. Kh1 Rxg7 24. Qf5+ Qxf5 25. Rxf5 Rd6 26. Raf1
Nd8 27. h4 c6 28. h5 Rh6 29. R1f3 Rgh7 30. Rh3 Rg7 31. Kh2 Ne6 32. Rh4 Rg5 33.
Rxf7 Rgxh5 34. Rxh5 Rxh5+ 35. Kg3 Rh1 36. Rf6 Nd8 37. Kf2 Ra1 38. Ke3 Rxa2 39.
Kf4 Rxc2 40. Ke5 Re2+ 41. Kd6 Re6+ 42. Rxe6 Nxe6 43. Kxe6 a5 44. Kd6 a4 0-1

[Event "HEM 2009 - D-Turnier"]
[Site "Idstein"]
[Date "2009.04.11"]
[Round "3"]
[White "Kitreiber, Michael"]
[Black "Mattusch, Ralf"]
[Result "0-1"]
[WhiteElo "1537"]
[BlackElo "1614"]
[PlyCount "70"]
[EventDate "2009.??.??"]

1. e4 c5 2. c4 d6 3. d3 g6 4. Bd2 Bg7 5. Bc3 Nf6 6. Be2 O-O 7. h4 e5 8. g4 Qe7
9. Bd2 Nc6 10. g5 Nd7 11. Nc3 f5 12. gxf6 Nxf6 13. Bg5 Nd4 14. Qd2 Qf7 15. f3
Be6 16. b3 Nh5 17. O-O-O Nf4 18. Bxf4 Qxf4 19. Qxf4 Rxf4 20. Rf1 Raf8 21. Kd1
Bh6 22. Nd5 Bxd5 23. cxd5 b5 24. h5 g5 25. Nh3 Rh4 26. Nf2 Rxh1 27. Nxh1 Rf4
28. Ng3 Bf8 29. Ke1 b4 30. Bd1 h6 31. Kd2 Kf7 32. Ke3 Ke8 33. Rh1 Be7 34. Rh3
g4 35. fxg4 Bg5 0-1

[Event "HEM 2009 - D-Turnier"]
[Site "Idstein"]
[Date "2009.04.11"]
[Round "3"]
[White "Rausch, Wolfgang"]
[Black "Riebensahm, Lutz"]
[Result "0-1"]
[WhiteElo "1730"]
[BlackElo "1651"]
[PlyCount "86"]
[EventDate "2009.??.??"]

1. c4 Nf6 2. Nc3 e6 3. d4 d5 4. Nf3 c6 5. Bg5 Be7 6. e3 O-O 7. Bd3 Nbd7 8. O-O
h6 9. Bf4 Nh7 10. Qc2 f5 11. Ne5 Nxe5 12. Bxe5 Nf6 13. cxd5 cxd5 14. Ne2 Bd6
15. Bxd6 Qxd6 16. f4 Bd7 17. Qb3 b6 18. Rac1 Rac8 19. Ba6 Rc7 20. Rxc7 Qxc7 21.
Rc1 Qd8 22. Rc2 Ne4 23. Nc1 Qh4 24. g3 Qg4 25. Be2 Qg6 26. Rc7 Rf6 27. Kg2 h5
28. Rxd7 h4 29. Qc2 Nxg3 30. Rd8+ Kh7 31. Qc8 Nxe2+ 32. Kf2 Qg1+ 33. Kxe2 Qg2+
34. Kd1 Kg6 35. Qc2 Qg1+ 36. Kd2 Qxh2+ 37. Kd3 Qxc2+ 38. Kxc2 Kh7 39. Ne2 Rg6
40. Kd3 Rg2 41. Rc8 h3 42. Rc1 Kg6 43. Rg1 Rxg1 0-1

[Event "HEM 2009 - D-Turnier"]
[Site "Idstein"]
[Date "2009.04.11"]
[Round "3"]
[White "Gunde, Thomas"]
[Black "Pantic, Dejan"]
[Result "1/2-1/2"]
[WhiteElo "1575"]
[BlackElo "1610"]
[PlyCount "61"]
[EventDate "2009.??.??"]

1. d4 d5 2. c4 c6 3. cxd5 cxd5 4. Nc3 Nf6 5. Nf3 Bf5 6. Bf4 a6 7. e3 e6 8. Bd3
Bxd3 9. Qxd3 Bd6 10. Bxd6 Qxd6 11. O-O O-O 12. Na4 Nbd7 13. Rfc1 Rfc8 14. Qb3
b5 15. Nc3 Rc7 16. a4 bxa4 17. Qxa4 Rc4 18. Qd1 Rac8 19. Nd2 R4c6 20. Na4 Qb4
21. b3 Qb7 22. Rxc6 Rxc6 23. Rc1 Qc7 24. Rxc6 Qxc6 25. b4 Nb6 26. Nxb6 Qxb6 27.
Qa4 Qb5 28. Qxb5 axb5 29. Kf1 Kf8 30. Ke2 Ke7 31. f3 1/2-1/2

[Event "HEM 2009 - D-Turnier"]
[Site "Idstein"]
[Date "2009.04.11"]
[Round "3"]
[White "Fischer, Helena"]
[Black "Scharf, Bernd"]
[Result "1-0"]
[WhiteElo "1595"]
[BlackElo "1524"]
[PlyCount "31"]
[EventDate "2009.??.??"]

1. e4 e5 2. Nc3 Nf6 3. f4 Bb4 4. fxe5 Bxc3 5. bxc3 Nxe4 6. Qg4 Ng5 7. d4 d5 8.
Qxg5 O-O 9. Nf3 h6 10. Qh5 Re8 11. Bd3 Re6 12. Ng5 hxg5 13. Qh7+ Kf8 14. Qh8+
Ke7 15. Bxg5+ f6 16. Qxg7+ 1-0